1694 1812 1677 1455 1099 1557 1515 1469 1004 1368 1768 1091 1700 1867 1657 1442 1495 1765 1703 1558 1470 1405 1038 1988 1785 1323 1177 1294 1212 1455 1046 1219 1152 1714 1203 1656 1386 1658 1935 1467 1000 1272 1205 1054 1726 1285 1407 1314 1488 1413 1298 1364 1131 1108 1667 1786 1366 1846 1623 1988 1408 1121 1778 1374 1462 1957 1857 1444 1343 1053 1128 1678 1897 1064 1422 1869 1325 1646 1424 1368 1808 1647 1646 1652 1644 2000 1546 1266 1200 1963 1383 1454 1821 1812 1120 1131 1504 1591 1870 BCNSPRNW ULIB Ver.6.0+V

เปลี่ยนเป็นภาษาไทย

Change to English
 แสดงรายละเอียดบรรณานุกรม
  กลับหน้าหลัก

Brief Record : Get Marc (ISO 2709) : E-mail record : QR code < ปิดหน้าต่าง
LEADER : 00000nam 2200000uu 4500
001    13399111654
003     ULIB
008    110704s||||||||th 000 0 tha d
020    9789748132785
050  4 BQ950.D84^bพ382อ 2552
245 10 อตุโล ไม่มีใดเทียม :^bประวัติ ปฏิปทา และคำสอน /^cพระราชวุฒาจารย์ (หลวงปู่ดูลย์ อตุโล)
250    พิมพ์ครั้งที่ 6
260    กรุงเทพฯ :^bอมรินทร์พริ้นติ้งแอนด์พับลิชชิ่ง,^c2552
300    619 หน้า :^bภาพประกอบ (สีบางภาพ) ;^c30 ซ.ม.
500    รวบรวมและเรียบเรียงพิมพ์ครั้งที่ 6 โดย กลุ่มจิตหนึ่ง
600 07 พระราชวุฒาจารย์ (หลวงปู่ดูลย์ อตุโล),^d2431-2526
650  7 สงฆ์^xชีวประวัติ
710 2  กลุ่มจิตหนึ่ง
945    ^p0^l0^i029198
995    ทศพร
999 ^a ใช้งานได้ทุกระบบ
รายการนี้ยังไม่มีแท็ก
คุณยังไม่ได้ล็อกอิน คุณสามารถมีกิจกรรมร่วมกับเว็บไซต์ได้ แต่ต้องล็อกอินก่อน ::
  ล็อกอิน

รายการสื่อสารสนเทศ

ลำดับที่ ประเภท เลขเรียก/บาร์โค้ด สถานที่ สถานะ
- ไม่พบข้อมูล -

BibComment


ยังไม่เคยถูกคอมเมนท์

คอมเมนท์ทรัพยากรรายการนี้
  คอมเมนท์: อตุโล ไม่มีใดเทีย..


 Copyright 2026. Bcnsprnw @Library